| 000 | 00749nam a2200193Ia 4500 | ||
|---|---|---|---|
| 005 | 20260429112240.0 | ||
| 008 | 260429s9999||||xx |||||||||||||| ||und|| | ||
| 020 | _a9789393768025 | ||
| 041 | _aHindi | ||
| 082 |
_a954 _bNEH |
||
| 100 | _aनेहरू, जवाहरलाल | ||
| 245 | 0 |
_aकौन हैं भारत माता : _bइतिहास,संस्कृती और भारत की संकल्पना / _cजवाहरलाल नेहरू |
|
| 250 | _a1st ed. | ||
| 260 |
_aनई दिल्ली : _bराजकमल प्रकाशन, _c2022. |
||
| 300 | _a512 p.; Hb | ||
| 650 | _aHindi Literature | ||
| 700 | _a अग्रवाल, पुरुषोत्तम | ||
| 942 | _cTB | ||
| 999 |
_c53110 _d53110 |
||